Civilising city centres? (Record no. 72544)

MARC details
000 -LEADER
fixed length control field 01632cam a2200289 4500
001 - CONTROL NUMBER
control field ABS66620
008 - FIXED-LENGTH DATA ELEMENTS--GENERAL INFORMATION
fixed length control field 030428n2003 000 0 eng u
035 ## - SYSTEM CONTROL NUMBER
System control number (Sirsi) u122088
100 ## - MAIN ENTRY--PERSONAL NAME
Personal name Roberts, M.
245 ## - TITLE STATEMENT
Title Civilising city centres?
260 ## - PUBLICATION, DISTRIBUTION, ETC.
Date of publication, distribution, etc. 2003
490 ## - SERIES STATEMENT
Series statement Town & Country Planning
Volume/sequential designation 72(2) March/April 2003, 78-79(2)
520 ## - SUMMARY, ETC.
Summary, etc. Discusses a recent study by the Institute of Alcohol Studies into the management of the public realm and the perceived benefits of extended licensing hours in London, Dublin, Copenhagen and Berlin. The study found that all four mixed use areas experienced conflicts between entertainment and other uses and that a relaxation of licensing hours alone could not change an established drinking culture. However, in Copenhagen a clear set of local licensing regulations and accompanying planning controls have helped to establish a cafe culture. "Licensing reform: a cross-cultural comparison of rights, responsibilities and regulation" at www.ias.org.uk. ODPM select committee report "The Licensing Bill (Lords) and the evening economy" at www.parliament.the-stationery-office.co.uk.
590 ## - LOCAL NOTE (RLIN)
Local note ABS
650 ## - SUBJECT ADDED ENTRY--TOPICAL TERM
Topical term or geographic name entry element LICENSED PREMISES
650 ## - SUBJECT ADDED ENTRY--TOPICAL TERM
Topical term or geographic name entry element LICENSING HOURS
650 ## - SUBJECT ADDED ENTRY--TOPICAL TERM
Topical term or geographic name entry element PLANNING CONTROLS
650 ## - SUBJECT ADDED ENTRY--TOPICAL TERM
Topical term or geographic name entry element LEISURE USES
650 ## - SUBJECT ADDED ENTRY--TOPICAL TERM
Topical term or geographic name entry element LICENSING BILL
650 ## - SUBJECT ADDED ENTRY--TOPICAL TERM
Topical term or geographic name entry element LONDON
650 ## - SUBJECT ADDED ENTRY--TOPICAL TERM
Topical term or geographic name entry element COPENHAGEN
650 ## - SUBJECT ADDED ENTRY--TOPICAL TERM
Topical term or geographic name entry element DUBLIN
650 ## - SUBJECT ADDED ENTRY--TOPICAL TERM
Topical term or geographic name entry element BERLIN
690 ## - LOCAL SUBJECT ADDED ENTRY--TOPICAL TERM (OCLC, RLIN)
Topical term or geographic name as entry element LEISURE AND RECREATION
856 ## - ELECTRONIC LOCATION AND ACCESS
Uniform Resource Identifier <a href="https://www.parliament.the-stationery-office.co.uk/pa/cm200203/cmselect/cmodpm/541/54103.htm">https://www.parliament.the-stationery-office.co.uk/pa/cm200203/cmselect/cmodpm/541/54103.htm</a>
Public note View ODPM select committee report on the UK Parliament website...
942 ## - ADDED ENTRY ELEMENTS (KOHA)
Suppress in OPAC 0
Holdings
Withdrawn status Lost status Source of classification or shelving scheme Damaged status Not for loan Home library Current library Shelving location Date acquired Total Checkouts Full call number Barcode Date last seen Copy number Price effective from Koha item type
    Dewey Decimal Classification     London London Journal article 28/04/2003   ABS66620 122088-1001 06/08/2019 1 06/08/2019 Journal article